August Strindberg (Record no. 177428)
[ view plain ]
| 000 -LEADER | |
|---|---|
| campo de control de longitud fija | 00738nam a22002295i 4500 |
| 001 - NÚMERO DE CONTROL | |
| campo de control | 177428 |
| 003 - IDENTIFICADOR DE NÚMERO DE CONTROL | |
| campo de control | ES-MaACL |
| 005 - FECHA Y HORA DE LA ÚLTIMA TRANSACCIÓN | |
| campo de control | 20230906220328.0 |
| 008 - DATOS DE LONGITUD FIJA--INFORMACIÓN GENERAL | |
| campo de control de longitud fija | 110322s2000 sw ao |||| | eng d |
| 020 ## - NÚMERO INTERNACIONAL ESTÁNDAR DEL LIBRO | |
| Número Internacional Estándar del Libro | 91-520-0601-8 |
| 080 ## - NÚMERO DE LA CLASIFICACIÓN DECIMAL UNIVERSAL | |
| Número de la Clasificación Decimal Universal | 821.113.6-2"18/19" |
| 080 ## - NÚMERO DE LA CLASIFICACIÓN DECIMAL UNIVERSAL | |
| Número de la Clasificación Decimal Universal | 929 Strinberg, August |
| 100 1# - ENTRADA PRINCIPAL--NOMBRE DE PERSONA | |
| Nombre de persona | Meidal, Björn. |
| 9 (RLIN) | 145800 |
| 245 10 - MENCIÓN DEL TÍTULO | |
| Título | August Strindberg |
| Resto del título | : a writer for the world / |
| Mención de responsabilidad, etc. | Björn Meidal ; [translation by Clare James]. |
| 260 ## - PUBLICACIÓN, DISTRIBUCIÓN, ETC. | |
| Lugar de publicación, distribución, etc. | Stockholm : |
| Nombre del editor, distribuidor, etc. | The Swedish Institute, |
| Fecha de publicación, distribución, etc. | imp. 2000. |
| 300 ## - DESCRIPCIÓN FÍSICA | |
| Extensión | 32 p. : |
| Otras características físicas | il. bl. y n. ; |
| Dimensiones | 18 cm. |
| 504 ## - NOTA DE BIBLIOGRAFÍA, ETC. | |
| Nota de bibliografía, etc. | Bibliografía: p. 31. |
| 546 ## - NOTA DE IDIOMA | |
| Nota de lengua/lenguaje | Texto en inglés. |
| 600 04 - PUNTO DE ACCESO ADICIONAL DE MATERIA--NOMBRE DE PERSONA | |
| Nombre de persona | Strindberg, August. |
| 9 (RLIN) | 108433 |
| 700 1# - ENTRADA AGREGADA--NOMBRE PERSONAL | |
| Nombre de persona | James, Clare. |
| 9 (RLIN) | 145801 |
| 852 ## - LOCALIZACIÓN | |
| Ubicación | ES-MaACL |
| Número de control de estantería | 2305-F-7 |
| Estatus retirado | Estado de pérdida | Estado de daño | No para préstamo | Colección | Biblioteca de origen | Biblioteca actual | Ubicación en estantería | Fecha de adquisición | Fuente de adquisición | Total de préstamos | Signatura topográfica completa | Código de barras | Visto por última vez | Precio de reemplazo | Tipo de ítem Koha |
|---|---|---|---|---|---|---|---|---|---|---|---|---|---|---|---|
| Colección de folletos | Biblioteca del Ateneo de Madrid | Biblioteca del Ateneo de Madrid | Depósito folletos | 22/03/2011 | 2305-F-7 | 1186352 | 23/02/2023 | 23/02/2023 | Folleto |
